000 00513nam a22001577a 4500
008 160712b xxu||||| |||| 00| 0 eng d
050 _aHC 865 .K455 2007
100 _d2007
245 _aKenya Vision 2030 :
_bpopular version
260 _aNairobi:
_b Government of the Republic of Kenya ,
_c2007.
300 _a26p.
_c27 cm.
650 _aKenya
_v Economic conditions
650 _a Kenya
_v social conditions
650 _a Kenya
_vEconomic policy
942 _2lcc
_cBOOK
_hHC 865 .K455 2007
999 _c11757
_d11757